000 01174cad a22002415a 4500
001 L155054
008 120222e20120216xxkd f s f000 0 eng d
035 _a(Sirsi) u155054
041 0 _aeng
110 1 _aUnited Kingdom
_bDepartment for Communities and Local Government
_94939
245 0 0 _aHouse building
_bDecember quarter 2011, England
_h[electronic resource]
260 _aLondon
_bDCLG
_c2012
490 0 _aDCLG Housing Statistical Release
_vDecember quarter 2011, 16 February 2012
505 2 _aSeasonally adjusted results -- non-seasonally adjusted results -- sub-national trends -- other improved inspectors
520 _aPresents figures on new build housing starts and completions in England; figures for the UK and constituent countries are also available in the accompanying tables; the latest statistics report.
590 _aKA
650 2 4 _aDCLG QUARTERLY HOUSE BUILDING STATISTICS
651 4 _aEngland
_y886-
690 _aConstruction management
_96230
690 _aResidential property
_96266
856 4 0 _uhttps://www.communities.gov.uk/documents/statistics/pdf/2089975.pdf
_zView the item free of charge at www.communities.gov.uk
942 _n0
999 _c113303
_d113303